Český jazyk 6 pro ZŠ pro neslyšící a ZŠ pro žáky se zbytky sluchu /

Hlavní autor: Poul, Jan, 1914-
Další autoři: Hruška, Josef, 1917-1997
Jazyk: Čeština
Vydáno: Praha : Státní pedagogické nakladatelství, 1987
Vydání: 2. vyd.
Edice: Učebnice pro základní školy (Státní pedagogické nakladatelství)
Témata:
Fyzický popis: 166 s.
Knihy
Uloženo v:
LEADER 01332nam a22003012a 4500
001 000070111
003 CZ BrMZK
005 20070228095802.0
007 ta
008 950407s1987 xr a f cze d
040 |a BOA001  |b cze 
080 9 |a 372.880.850 
080 9 |a 376.353 
100 1 |a Poul, Jan,  |d 1914-  |7 jk01100819  |4 aut 
245 1 0 |a Český jazyk 6 pro ZŠ pro neslyšící a ZŠ pro žáky se zbytky sluchu /  |c Jan Poul, Josef Hruška ; ilustroval Jaroslav Malák 
246 1 |i Název v tiráži:  |a Český jazyk pro 6. ročník ZŠ pro neslyšící a ZŠ pro žáky se zbytky sluchu 
250 |a 2. vyd. 
260 |a Praha :  |b Státní pedagogické nakladatelství,  |c 1987 
300 |a 166 s. 
490 1 |a Učebnice pro základní školy 
700 1 |a Hruška, Josef,  |d 1917-1997  |7 jk01043041  |4 aut 
830 0 |a Učebnice pro základní školy (Státní pedagogické nakladatelství)  |0 s 
910 |a BOA001  |b PK-0104.604  |b 2-0916.167 
964 |a Čeština - učebnice - školy zvláštní 
990 |a BK 
996 7 |b 2619329712  |c 2-0916.167  |l MZK  |r Sklad / do 1 hodiny  |n 0  |w 000070111  |u 000030  |a 1  |e BOA001  |j MZK50  |s A 
996 7 |b 3119964279  |c PK-0104.604  |l MZK  |r Sklad / do 1 hodiny  |n 1  |w 000070111  |u 000010  |a 1  |e BOA001  |j MZK50  |s A 
996 6 |b BC-370582  |c PK-0104.604  |l MZK  |r Sklad / do 1 hodiny  |n 0  |w 000070111  |u 000020  |a 1  |e BOA001  |j MZK50  |s P